Statistics for Occitanie Region Quiz

Click here to take the quiz!

General Stats

  • This quiz has been taken 90 times
  • The average score is 8 of 12

Answer Stats

HintAnswer% Correct
Capital and largest cityToulouse
96%
This English king, nicknamed "Lionheart", probably spoke OccitanRichard I.
77%
City whose smaller namesake (minus an l) is the capital of VermontMontpellier
76%
Due to its bright terracotta architecture, the capital is known as The Pink City or, in French, La Ville ___Rose
76%
Fortified city that inspired Disney castles (known as Carcaso in Latin)Carcassonne
75%
Apart from Occitan, which minority language is most often spoken in the region?Catalan
75%
Impressive construction that connects the Garonne river with the Meditarranean sea: ____ du midiCanal
67%
Stade ____, located in the capital, has won the Heineken Cup a record four times. In which sport does the team compete?Rugby
60%
Europe's largest aerospace company, located in the capitalAirbus
57%
Town in the pyrenees and major pilgrimage siteLourdes
53%
The blue jeans fabric was named for this cityNîmes
48%
Cold wind whose name derives from occitan, where it means "masterly"Mistral
40%

Score Distribution

Percentile by Number Answered

Percent of People with Each Score

Your Score History

You have not taken this quiz